| 000 | 00878nam a2200229 a 4500 | ||
|---|---|---|---|
| 005 | 20240827063713.0 | ||
| 008 | 991125s1996 mx 000 0 spa u | ||
| 035 | _aUPN01000028309 | ||
| 049 | _aCG | ||
| 050 | 4 |
_aF1219.1 CH2 _bT6.3 |
|
| 100 | 1 | _aToledo Tello, Sonia | |
| 245 | 1 | 0 |
_aHistoria del movimiento indígena en Simojovel 1970-1989 / _cSonia Toledo Tello, Jaime Tomás Page Pliego. |
| 260 |
_aTuxtla Gutiérrez : _bUNACH, _c1996. |
||
| 300 | _a285 p. | ||
| 440 | 0 |
_aMonografías ; _v6 |
|
| 501 | _aCon: Religión y política en el consumo de prácticas médicas en una comunidad Tzotzil / Jaime Tomás Page Pliego | ||
| 650 | 4 |
_aIndígenas de México _zChiapas _98413 |
|
| 650 | 4 |
_aTzotziles _912308 |
|
| 700 | 1 |
_aPage Pliego, Jaime Tomás, _ecoaut. |
|
| 740 | 0 | _aReligión y política en el consumo de prácticas médicas en una comunidad Tzotzil | |
| 905 | _aLibro | ||
| 999 |
_c28309 _d28309 |
||